Statistics for Countries Containing H (no continent prompts)

Click here to take the quiz!

General Stats

  • This quiz has been taken 1,414 times
    (741 since last reset)
  • The average score is 22 of 29

Answer Stats

country% Correct
Haiti
94%
Honduras
94%
Hungary
90%
South Korea
89%
Afghanistan
86%
Bhutan
86%
South Africa
86%
China
83%
North Korea
83%
South Sudan
83%
Kazakhstan
81%
Chile
80%
Thailand
80%
Ghana
78%
Chad
75%
Bahrain
74%
Lithuania
73%
Netherlands
73%
Bahamas
72%
Bangladesh
72%
Liechtenstein
72%
North Macedonia
71%
Philippines
71%
Ethiopia
66%
Lesotho
65%
Czechia
64%
Marshall Islands
63%
Seychelles
62%
Bosnia and
Herzegovina
60%

Score Distribution

Percentile by Number Answered

Percent of People with Each Score

Your Score History

You have not taken this quiz since the last reset